000 00559nam a2200205Ia 4500
005 20250508165525.0
008 008 250505s9999 xx 000 0 eng d
020 _a978-0-19-945525-6
037 _aTextBook
040 _aFEDL
_beng
_cFEDL
041 _aeng
_2eng
084 _a378, BET/R
_qFEDL
100 _aBeteille Andre
245 0 _aUniversities at the crossroads
260 _aNew Delhi, India
_bOxford University Press
_c2010
300 _ax, 205p.
365 _aINR
_b395
942 _cTB
_h378, BET/R
999 _c1395641
_d1395641